Saudi-Arabien-Quiz - Statistiken

Allgemein
  • Dieses Quiz wurde 2.086 mal gespielt
  • Das Durchschnittsergebnis liegt bei 12 aus 24
Antwortstatistiken
Frage Antwort % Korrekt
Heiligste Stadt Mekka
94%
Amtssprache Arabisch
90%
Hauptstadt Riad
90%
Staatsreligion Sunni Islam
90%
Hauptexportgut Erdöl
85%
Bis 2017 war dies für Frauen verboten Autofahren
79%
Angrenzende Gewässer {Rotes} Meer
73%
Größtes Landtier Kamel
72%
Angrenzende Gewässer {Persischer} Golf
72%
Die Verfassung von SA ist offiziell dieses Buch Koran
68%
Zweitheiligste Stadt Medina
65%
Symbol auf der Flagge (außer Schrift) Schwert
65%
Gebräuchlichste Hinrichtungsmethode Enthauptung
44%
Hafenstadt an der Westküste Dschidda
41%
Regierende Dynastie Al Saud
37%
Er verlor 1994 seine Staatsangehörigkeit Osama bin Laden
26%
Fundamentalistische Ideologie der obigen Religion Wahhabi
23%
Aktueller Monarch Salman
22%
Ertragreichstes Unternehmen Saudi Aramco
22%
Nomadische Ethnie Beduinen
20%
Vorheriger Monarch (bis 2015) Abdullah
19%
Währung Riyal
17%
Hafenstadt an der Ostküste Dammam
16%
Angrenzende Gewässer Golf von {Akaba}
14%
Keine übereinstimmenden Quizze gefunden
Verteilung der Resultate
Anzahl Personen mit jedem Resultat
Perzentil nach korrekt beantworteten Fragen
Ihre Resultats-Entwicklung
Sie haben dieses Quiz noch nicht gespielt